书目信息 |
| 题名: |
盛女敦煌
|
|
| 作者: | 胡同庆 , 王义芝 著 | |
| 分册: | ||
| 出版信息: | 北京 中国旅游出版社 2014 |
|
| 页数: | 224页 | |
| 开本: | 23cm | |
| 丛书名: | ||
| 单 册: | ||
| 中图分类: | K879.414 | |
| 科图分类: | ||
| 主题词: | 敦煌壁画--介绍 | |
| 电子资源: | ||
| ISBN: | 978-7-5032-5021-7 | |
| 000 | 00795nam0 2200253 450 | |
| 001 | 351988 | |
| 005 | 20161017162017.95 | |
| 010 | @a978-7-5032-5021-7@dCNY88.00 | |
| 100 | @a20141010d2014 em y0chiy50 ea | |
| 101 | 0 | @achi |
| 102 | @aCN@b110000 | |
| 105 | @aa z 000yy | |
| 106 | @ar | |
| 200 | 1 | @a盛女敦煌@e揭秘中国古代女性生活往事@f胡同庆,王义芝著 |
| 210 | @a北京@c中国旅游出版社@d2014 | |
| 215 | @a224页@c彩图@d23cm | |
| 330 | @a本书从不同角度介绍了敦煌壁画从北凉时期到民国时期的女性形象,从不同角度不同层面反映了长达约1600年间的中国古代妇女生活情境。 | |
| 517 | 1 | @a揭秘中国古代女性生活往事 |
| 606 | 0 | @a敦煌壁画@x介绍 |
| 690 | @aK879.414@v5 | |
| 701 | 0 | @a胡同庆@4著 |
| 701 | 0 | @a王义芝@c(女)@4著 |
| 801 | 0 | @aCN@bTANGWEI@c20161010 |
| 905 | @b0897538-41@dK879.414@e315@f4 | |
| 盛女敦煌:揭秘中国古代女性生活往事/胡同庆,王义芝著.-北京:中国旅游出版社,2014 |
| 224页:彩图;23cm |
| ISBN 978-7-5032-5021-7:CNY88.00 |
| 本书从不同角度介绍了敦煌壁画从北凉时期到民国时期的女性形象,从不同角度不同层面反映了长达约1600年间的中国古代妇女生活情境。 |
| ● |
| 相关链接 |
|
|
|
|
正题名:盛女敦煌
索取号:K879.414/315
 
预约/预借
| 序号 | 登录号 | 条形码 | 馆藏地/架位号 | 状态 | 备注 |
| 1 | 0897538 | 208975386 | 第二样本阅览室/ [索取号:K879.414/315] | 在馆 | |
| 2 | 0897539 | 208975395 | 第二借阅区/ [索取号:K879.414/315] | 在馆 | |
| 3 | 0897540 | 208975402 | 第二借阅区/ [索取号:K879.414/315] | 在馆 | |
| 4 | 0897541 | 208975411 | 密集书库-史法系/ [索取号:K879.414/315] | 在馆 |